| 000 | 004000000a22001570004500 | ||
|---|---|---|---|
| 003 | MACL | ||
| 040 | _aMACL | ||
| 090 |
_c31501 _d31499 |
||
| 100 | _aMishra, K L P | ||
| 245 |
_aTheory of Computer Science _bAutomata Languages and Computation |
||
| 260 |
_bPrentice Hall of India Private Ltd _c2002 |
||
| 350 | _a150 | ||
| 650 | _aComputer Science | ||
| 942 |
_cBOOK _k004/MIS |
||
| 951 | _o004/MIS BOOK | ||
| 999 |
_c31184 _d31184 |
||